<?xml version="1.0" encoding="UTF-8"?>
<record
    xmlns:xsi="http://www.w3.org/2001/XMLSchema-instance"
    xsi:schemaLocation="http://www.loc.gov/MARC21/slim http://www.loc.gov/standards/marcxml/schema/MARC21slim.xsd"
    xmlns="http://www.loc.gov/MARC21/slim">

  <leader>02009nab a2200277uuc4500</leader>
  <controlfield tag="001">1463178</controlfield>
  <controlfield tag="005">20240202125227.0</controlfield>
  <controlfield tag="008">170329e20160105                    spa  </controlfield>
  <datafield tag="035" ind1=" " ind2=" ">
    <subfield code="a">1463178</subfield>
  </datafield>
  <datafield tag="040" ind1=" " ind2=" ">
    <subfield code="c">comduadb</subfield>
  </datafield>
  <datafield tag="041" ind1=" " ind2=" ">
    <subfield code="a">spa</subfield>
  </datafield>
  <datafield tag="100" ind1="1" ind2="0">
    <subfield code="a">Segura Sierpe, Yasna Pamela</subfield>
    <subfield code="4">aut</subfield>
    <subfield code="e">aut</subfield>
    <subfield code="9">730759</subfield>
  </datafield>
  <datafield tag="245" ind1="1" ind2="0">
    <subfield code="a">Estudios preliminares sobre cemento hidratado para su reutilizaci&#xF3;n en geopol&#xED;meros</subfield>
  </datafield>
  <datafield tag="520" ind1="3" ind2=" ">
    <subfield code="a">La carbonataci&#xF3;n de cemento P&#xF3;rtland hidratado permite la transformaci&#xF3;n de los silicatos y aluminatos c&#xE1;lcicos hidratados en carbonato c&#xE1;lcico y s&#xED;lice/al&#xFA;mina amorfas. Estos materiales carbonatados son susceptibles de ser usados como precursores inorg&#xE1;nicos para su activaci&#xF3;n alcalina. El uso de disoluciones de hidr&#xF3;xido y silicato s&#xF3;dico permite la obtenci&#xF3;n de geles cementantes. Se han estudiado dos v&#xED;as de carbonataci&#xF3;n de cemento hidratado: en un ambiente seco, donde la humedad relativa no sobrepasaba el 70 % y en un medio acuoso a temperatura de 5 &#xB1; 1 o C. Ambos materiales se han caracterizado microestructuralmente y han sido utilizados para la fabricaci&#xF3;n de morteros geopolim&#xE9;ricos. Estos morteros alcanzaron resistencias mec&#xE1;nicas entre 10 y 20 MPa, dependiendo de la disoluci&#xF3;n activadora, la relaci&#xF3;n agua/binder y del tiempo/temperatura de curado. Estos resultados demuestran la viabilidad de la reutilizaci&#xF3;n de cemento hidratado presente en los residuos de construcci&#xF3;n y demolici&#xF3;n.</subfield>
  </datafield>
  <datafield tag="650" ind1=" " ind2=" ">
    <subfield code="a">Qu&#xED;mica del cemento</subfield>
    <subfield code="9">62354</subfield>
  </datafield>
  <datafield tag="650" ind1=" " ind2=" ">
    <subfield code="a">Activaci&#xF3;n alcalina</subfield>
    <subfield code="9">9052</subfield>
  </datafield>
  <datafield tag="650" ind1=" " ind2=" ">
    <subfield code="a">Carbonataci&#xF3;n</subfield>
    <subfield code="9">134674</subfield>
  </datafield>
  <datafield tag="650" ind1=" " ind2=" ">
    <subfield code="a">Geopolimeros</subfield>
    <subfield code="9">218410</subfield>
  </datafield>
  <datafield tag="650" ind1=" " ind2=" ">
    <subfield code="a">Microestructuras</subfield>
    <subfield code="9">30274</subfield>
  </datafield>
  <datafield tag="650" ind1=" " ind2=" ">
    <subfield code="a">Resistencia mec&#xE1;nica</subfield>
    <subfield code="9">57127</subfield>
  </datafield>
  <datafield tag="700" ind1="1" ind2="0">
    <subfield code="a">Borrachero Rosado, Mar&#xED;a Victoria</subfield>
    <subfield code="4">aut</subfield>
    <subfield code="e">aut</subfield>
    <subfield code="9">739583</subfield>
  </datafield>
  <datafield tag="700" ind1="1" ind2="0">
    <subfield code="a">Monz&#xF3; Balbuena, Jos&#xE9; Maria</subfield>
    <subfield code="4">aut</subfield>
    <subfield code="e">aut</subfield>
    <subfield code="9">685903</subfield>
  </datafield>
  <datafield tag="700" ind1="1" ind2="0">
    <subfield code="a">Pay&#xE1;, Jordi</subfield>
    <subfield code="4">aut</subfield>
    <subfield code="e">aut</subfield>
    <subfield code="9">391800</subfield>
  </datafield>
  <datafield tag="773" ind1="0" ind2=" ">
    <subfield code="t">DYNA (Medell&#xED;n)</subfield>
    <subfield code="g">Volumen 083, N&#xFA;mero 196, Abril 2016, p&#xE1;ginas 229-238</subfield>
    <subfield code="w">188384</subfield>
    <subfield code="x">0012-7353</subfield>
    <subfield code="0">82258</subfield>
  </datafield>
  <datafield tag="942" ind1=" " ind2=" ">
    <subfield code="c">ARIMP</subfield>
  </datafield>
  <datafield tag="999" ind1=" " ind2=" ">
    <subfield code="c">751842</subfield>
    <subfield code="d">751842</subfield>
  </datafield>
</record>
